MARC details
| 000 -LEADER |
| campo de control de longitud fija |
02599nmm a2200577 i 4500 |
| 001 - NÚMERO DE CONTROL |
| campo de control |
MOR01000110139 |
| 003 - IDENTIFICADOR DE NÚMERO DE CONTROL |
| campo de control |
$$amxdfmo |
| 005 - FECHA Y HORA DE LA ÚLTIMA TRANSACCIÓN |
| campo de control |
20260331231200.0 |
| 008 - DATOS DE LONGITUD FIJA--INFORMACIÓN GENERAL |
| campo de control de longitud fija |
180920s2018 eng g b spad |
| 020 ## - NÚMERO INTERNACIONAL ESTÁNDAR DEL LIBRO |
| Número Internacional Estándar del Libro |
9781787566682 (libro electrónico) |
| 020 ## - NÚMERO INTERNACIONAL ESTÁNDAR DEL LIBRO |
| ISBN cancelado o inválido |
9781787566675 (libro impreso) |
| 022 ## - NÚMERO INTERNACIONAL NORMALIZADO PARA PUBLICACIONES SERIADAS |
| Número Internacional Normalizado para Publicaciones Seriadas |
20407149 |
| 035 ## - NÚMERO DE CONTROL DEL SISTEMA |
| Número de control de sistema |
220040 |
| 040 ## - FUENTE DE CATALOGACIÓN |
| Centro catalogador/agencia de origen |
mxcmmo |
| Lengua de catalogación |
spa |
| Centro/agencia transcriptor |
mxcmmo |
| Normas de descripción |
rda |
| 041 0# - CÓDIGO DE IDIOMA |
| Código de lengua del texto/banda sonora o título independiente |
spa |
| 043 ## - CÓDIGO DE ÁREA GEOGRÁFICA |
| Código de área geográfica |
p------ |
| -- |
f-mu--- |
| 082 04 - NÚMERO DE LA CLASIFICACIÓN DECIMAL DEWEY |
| Número de clasificación |
331.34 |
| Número de ítem |
INC.a |
| 245 00 - MENCIÓN DEL TÍTULO |
| Título |
Inclusion and work |
| Resto del título |
: addressing the global challenges for youth employment/ |
| Mención de responsabilidad, etc. |
Guest editors, Subas P. Dhakal, Julia Connell, John Burgess |
| 264 #1 - PRODUCCIÓN, PUBLICACIÓN, DISTRIBUCIÓN, FABRICACIÓN Y COPYRIGHT |
| Producción, publicación, distribución, fabricación y copyright |
[Bingley, England]: |
| Nombre del de productor, editor, distribuidor, fabricante |
Emerald Group Publishing, |
| Fecha de producción, publicación, distribución, fabricación o copyright |
2018: |
| Nombre del de productor, editor, distribuidor, fabricante |
Universidad Empresarial Siglo 21 |
| 300 ## - DESCRIPCIÓN FÍSICA |
| Extensión |
1 recurso en línea (81 páginas, [109-190]) |
| 336 ## - TIPO DE CONTENIDO |
| Término de tipo de contenido |
texto |
| Código de tipo de contenido |
txt |
| Fuente |
rdacontent |
| 337 ## - TIPO DE MEDIO |
| Nombre/término del tipo de medio |
computadora |
| Código del tipo de medio |
c |
| Fuente |
rdamedia |
| 338 ## - TIPO DE SOPORTE |
| Nombre/término del tipo de soporte |
recurso en línea |
| Código del tipo de soporte |
cr |
| Fuente |
rdacarrier |
| 500 ## - NOTA GENERAL |
| Nota general |
Libro electrónico ProQuest |
| 500 ## - NOTA GENERAL |
| Nota general |
Separata de: Equality, Diversity and Inclusion: an International Journal -- Vol. 37, Number 2, 2018. |
| 504 ## - NOTA DE BIBLIOGRAFÍA, ETC. |
| Nota de bibliografía, etc. Nota |
Incluye referencias bibliográficas |
| 506 ## - NOTA DE RESTRICCIONES AL ACCESO |
| Limitaciones de acceso |
Acceso a Texto Completo restringido a rango IP |
| 541 0# - NOTA DE FUENTE DE ADQUISICIÓN DIRECTA |
| Fuente de adquisición |
ProQuest |
| Forma de adquisición |
Compra |
| 650 #7 - PUNTO DE ACCESO ADICIONAL DE MATERIA--TÉRMINO DE MATERIA |
| Término de materia o nombre geográfico como elemento de entrada |
Globalización |
| Subdivisión general |
Aspectos laborales |
| -- |
Alocuciones, ensayos, conferencias |
| 9 (RLIN) |
198606 |
| 650 #7 - PUNTO DE ACCESO ADICIONAL DE MATERIA--TÉRMINO DE MATERIA |
| Término de materia o nombre geográfico como elemento de entrada |
Juventud |
| Subdivisión general |
Empleo |
| Subdivisión geográfica |
Mauritania |
| Subdivisión general |
Alocuciones, ensayos, conferencias |
| 9 (RLIN) |
198607 |
| 650 #7 - PUNTO DE ACCESO ADICIONAL DE MATERIA--TÉRMINO DE MATERIA |
| Término de materia o nombre geográfico como elemento de entrada |
Juventud |
| Subdivisión general |
Empleo |
| Subdivisión geográfica |
Pacífico, Área del |
| Subdivisión general |
Estudio de casos |
| -- |
Alocuciones, ensayos, conferencias |
| 9 (RLIN) |
198608 |
| 650 #7 - PUNTO DE ACCESO ADICIONAL DE MATERIA--TÉRMINO DE MATERIA |
| Término de materia o nombre geográfico como elemento de entrada |
Trabajo |
| Subdivisión general |
Oferta |
| Subdivisión geográfica |
Mauritania |
| Subdivisión general |
Alocuciones, ensayos, conferencias |
| 9 (RLIN) |
198609 |
| 650 #7 - PUNTO DE ACCESO ADICIONAL DE MATERIA--TÉRMINO DE MATERIA |
| Término de materia o nombre geográfico como elemento de entrada |
Trabajo |
| Subdivisión general |
Oferta |
| Subdivisión geográfica |
Pacífico, Área del |
| Subdivisión general |
Estudio de casos |
| -- |
Alocuciones, ensayos, conferencias |
| 9 (RLIN) |
198610 |
| 700 1# - ENTRADA AGREGADA--NOMBRE PERSONAL |
| Nombre de persona |
Burgess, John |
| Término indicativo de función/relación |
editor |
| 9 (RLIN) |
198611 |
| 700 1# - ENTRADA AGREGADA--NOMBRE PERSONAL |
| Nombre de persona |
Connell, Julia |
| Término indicativo de función/relación |
editor |
| 9 (RLIN) |
198612 |
| 700 1# - ENTRADA AGREGADA--NOMBRE PERSONAL |
| Nombre de persona |
Dhakal, Subas P. |
| Término indicativo de función/relación |
editor |
| 9 (RLIN) |
198613 |
| 740 0# - ENTRADA AGREGADA--TÍTULO RELACIONADO/ANALÍTICO NO CONTROLADO |
| Título relacionado o analítico no controlado |
Equality, Diversity and Inclusion: an International Journal |
| 856 41 - LOCALIZACIÓN Y ACCESO ELECTRÓNICOS |
| Nota pública |
Acceso a Texto Completo restringido a rango IP |
| Identificador Uniforme de Recurso |
<a href="https://www.proquest.com/legacydocview/EBC/5351430?accountid=64089">https://www.proquest.com/legacydocview/EBC/5351430?accountid=64089</a> |
| 900 ## - ELEMENTOS DE DATOS A LOCAL, LDA (RLIN) |
| Nombre de persona |
BERENICE |
| Numeración |
40 |
| Títulos y otros términos asociados al nombre |
20220826 |
| Lenguaje de la obra |
MOR01 |
| -- |
1353 |
| 900 ## - ELEMENTOS DE DATOS A LOCAL, LDA (RLIN) |
| Nombre de persona |
BERENICE |
| Numeración |
40 |
| Títulos y otros términos asociados al nombre |
20220830 |
| Lenguaje de la obra |
MOR01 |
| -- |
1409 |
| 900 ## - ELEMENTOS DE DATOS A LOCAL, LDA (RLIN) |
| Nombre de persona |
CATY |
| Numeración |
30 |
| Títulos y otros términos asociados al nombre |
20220225 |
| Lenguaje de la obra |
MOR01 |
| -- |
1148 |
| 900 ## - ELEMENTOS DE DATOS A LOCAL, LDA (RLIN) |
| Nombre de persona |
CATY |
| Numeración |
30 |
| Títulos y otros términos asociados al nombre |
20220225 |
| Lenguaje de la obra |
MOR01 |
| -- |
1151 |
| 900 ## - ELEMENTOS DE DATOS A LOCAL, LDA (RLIN) |
| Nombre de persona |
CATY |
| Numeración |
30 |
| Títulos y otros términos asociados al nombre |
20220225 |
| Lenguaje de la obra |
MOR01 |
| -- |
1207 |
| 900 ## - ELEMENTOS DE DATOS A LOCAL, LDA (RLIN) |
| Nombre de persona |
CATY |
| Numeración |
30 |
| Títulos y otros términos asociados al nombre |
20220225 |
| Lenguaje de la obra |
MOR01 |
| -- |
1316 |
| 900 ## - ELEMENTOS DE DATOS A LOCAL, LDA (RLIN) |
| Nombre de persona |
CATY |
| Numeración |
30 |
| Títulos y otros términos asociados al nombre |
20220225 |
| Lenguaje de la obra |
MOR01 |
| -- |
1332 |
| 900 ## - ELEMENTOS DE DATOS A LOCAL, LDA (RLIN) |
| Nombre de persona |
CATY |
| Numeración |
30 |
| Títulos y otros términos asociados al nombre |
20220404 |
| Lenguaje de la obra |
MOR01 |
| -- |
1127 |
| 900 ## - ELEMENTOS DE DATOS A LOCAL, LDA (RLIN) |
| Nombre de persona |
LUIS |
| Numeración |
20 |
| Títulos y otros términos asociados al nombre |
20220224 |
| Lenguaje de la obra |
MOR01 |
| -- |
1350 |
| 900 ## - ELEMENTOS DE DATOS A LOCAL, LDA (RLIN) |
| Nombre de persona |
LUIS |
| Numeración |
20 |
| Títulos y otros términos asociados al nombre |
20220224 |
| Lenguaje de la obra |
MOR01 |
| -- |
1350 |
| 904 ## - ELEMENTOS DE DATOS D LOCAL, LDD (RLIN) |
| a |
UPDATE |
| 942 ## - ELEMENTOS DE ENTRADA SECUNDARIOS (KOHA) |
| Código de la institución [OBSOLETO] |
CF |
| 901 ## - ELEMENTOS DE DATOS A LOCAL LDA (RLIN) |
| a |
batch batch |